MARC

LEADER 00000nas1a2200000 4500
001 380291
005 20231101062646.0
035 |a (RuTPU)RU\TPU\prd\1114 
035 |a BOOK00001115 
090 |a 380291 
100 |a 20011210d18921901k y0frey50 ba 
101 0 |a fre 
102 |a FR 
110 |a aja uu0 
200 1 |a Annales des Mines. Serie 9  |e journal 
210 |a Paris  |c Ch. Dunod, Editeur  |d 1892-1901 
326 |a 2 тома в год 
430 1 |0 (RuTPU)RU\TPU\prd\1113  |t Annales des Mines. Serie 8  |o journal  |c Paris  |n Dunod, Editeur  |d 1882-1891 
440 1 |0 (RuTPU)RU\TPU\prd\1115  |t Annales des Mines. Serie 10  |o journal  |c Paris  |n Ch. Dunod, Editeur  |d 1902-1911 
610 1 |a горное дело 
610 1 |a рудники 
610 1 |a шахты 
610 1 |a эксплуатация 
801 0 |a RU  |b 63413507  |c 20011210  |g PSBO 
801 2 |a RU  |b 63413507  |c 20161206  |g RCR 
856 4 0 |u https://patrimoine.mines-paristech.fr/Annales_des_mines 
942 |c CR 
999 |a НТБ_ТПУ  |b НФ  |e -1/20010101  |p П-91  |v 1